Gimnasia para bebés: juegos y ejercicios para fomentar el movimiento. Reconocimiento de malformaciones

Zapisane w:
Opis bibliograficzny
1. autor: Zukunft-Huber, Barbara (Autor)
Format: Książka
Język:hiszpański
Wydane: Barcelona Paidotribo 2001
Wydanie:4a. ed
Hasła przedmiotowe:
Etykiety: Dodaj etykietę
Nie ma etykietki, Dołącz pierwszą etykiete!

MARC

LEADER 00000nam a2200000 a 4500
001 UCH3577
003 CL-VaPUC
008 090811e20010000SP |||||||||||||||||spa|d
020 |a 8480195355 
082 0 4 |a 796.08  |b ZUK  |2 21 
100 0 |a Zukunft-Huber, Barbara  |e author  |9 538967 
245 1 0 |a Gimnasia para bebés: juegos y ejercicios para fomentar el movimiento. Reconocimiento de malformaciones 
250 |a 4a. ed 
300 |a 175 p 
942 |c BK 
945 |d 20090811 00:00:00  |a cmena 
260 |a Barcelona  |b Paidotribo  |c 2001 
650 7 |a GIMNASIA  |2 CL-VaPUC  |9 307275 
650 7 |a LACTANTES  |2 CL-VaPUC  |9 309581 
650 0 |a Desarrollo motor   |9 313002 
650 0 |a Ejercicios físicos  |9 307296 
650 0 |a Niños  |9 255605 
583 |a last modification  |c 20090811 00:00:00  |k Rodrigo Vera 
999 |c 335059  |d 335057 
952 |0 0  |1 0  |4 0  |6 796_080000000000000_ZUK_2001  |7 0  |8 A  |9 424609  |a BIBCUR  |b BIBCUR  |d 2019-11-22  |i 1089110  |o 796.08 ZUK 2001  |p 1089110  |r 2025-04-22  |w 2019-11-22  |y BK  |k KIN 
952 |0 0  |1 0  |4 0  |6 796_080000000000000_ZUK_2001  |7 0  |8 A  |9 424610  |a BIBCUR  |b BIBCUR  |d 2019-11-22  |i 4696514  |l 1  |m 2  |o 796.08 ZUK 2001  |p 4696514  |r 2025-04-22  |s 2024-11-22  |w 2019-11-22  |y BK  |k KIN 
952 |0 0  |1 0  |4 0  |6 796_080000000000000_ZUK_2001  |7 0  |8 A  |9 424611  |a BIBCUR  |b BIBCUR  |d 2019-11-22  |i 4696522  |o 796.08 ZUK 2001  |p 4696522  |r 2025-04-22  |w 2019-11-22  |y BK  |k KIN 
952 |0 0  |1 0  |4 0  |6 796_080000000000000_ZUK_2001  |7 0  |8 A  |9 424612  |a BIBCUR  |b BIBCUR  |d 2019-11-22  |i 4696530  |o 796.08 ZUK 2001  |p 4696530  |r 2025-04-22  |w 2019-11-22  |y BK  |k KIN 
952 |0 0  |1 0  |4 0  |6 796_080000000000000_ZUK_2001  |7 0  |8 A  |9 424613  |a BIBCUR  |b BIBCUR  |d 2019-11-22  |i 4696549  |o 796.08 ZUK 2001  |p 4696549  |r 2025-04-22  |w 2019-11-22  |y BK  |k KIN